| 000 | 00838nam a2200205 i 4500 | ||
|---|---|---|---|
| 001 | 50425 | ||
| 003 | ES-MaACL | ||
| 005 | 20230906162158.0 | ||
| 007 | t| | ||
| 008 | 030804q1940 sp |||| | spa d | ||
| 080 | _a94(100)"1939/1945" | ||
| 245 | 0 | 3 |
_aLa culpabilidad de Inglaterra en los acontecimientos de Escandinavia _b: documentos sobre la política anglo-francesa para la extensión de las hostilidades / _cpublicado por orden del Ministerio de Relaciones Exteriores del Reich. |
| 260 |
_a[S.l. : _bs.n., _c1940?] |
||
| 300 |
_a95 p. ; _c31 cm. |
||
| 594 | _aAlemania. Auswärtiges Amt [Ministerio de Relaciones Exteriores] | ||
| 650 | 0 | 4 |
_aGuerra mundial, 1939-1945. _913228 |
| 651 | 4 |
_aGran Bretaña- _xRelaciones- _zFrancia. _9141055 |
|
| 651 | 4 |
_aFrancia- _xRelaciones- _zGran Bretaña. _9141056 |
|
| 852 |
_aES-MaACL _j1725-F-23 |
||
| 999 |
_c50425 _d50425 |
||